000 00457nam a2200181Ia 4500
001 13500
005 20260306164805.0
008 260306t2010||||xx |||||||||||||| ||spa||
041 _aESP
082 _a004.6
_bA62
100 _aAntonopoulos, Nick (editor)
_eAUT
245 0 _aCloud computing:
_bprinciple, systems and applicatios
260 _c2010
300 _axvii, 379 páginas :
_c
650 _aGEN
654 _aCCC
942 _cLIB
_dJUS
_fJUS
_2ddc
_n
999 _c13500
_d13500